Southville International School and Colleges
Your cart is empty.
  • Cart
  • Lists
    Public lists Eva Luna New books Lux_list list_1
    Your lists Log in to create your own lists
  • Log in to your account
  • Your cookies
  • Search history
Southville International School and Colleges
  • Advanced search
  • Recent comments
  • Most popular
  • Libraries

Log in to your account

Log in with GOOGLE


If you do not have an external account, but do have a local account, you can still log in:

  1. Home
  2. MARC view: 101 dalmatians /
Normal view MARC view ISBD view

101 dalmatians / (Record no. 104391)

[ view plain ]
MARC details
000 -LEADER
fixed length control field 00712nam a2200253 a 4500
005 - DATE AND TIME OF LATEST TRANSACTION
control field 20140412111321.0
008 - FIXED-LENGTH DATA ELEMENTS--GENERAL INFORMATION
fixed length control field 001214s19uu xx 00 eng d
020 ## - INTERNATIONAL STANDARD BOOK NUMBER
International Standard Book Number 0-307-00116-4
050 ## - LIBRARY OF CONGRESS CALL NUMBER
Classification number ER
Item number On2 1991
050 ## - LIBRARY OF CONGRESS CALL NUMBER
Classification number ER
Item number On2 1997
050 ## - LIBRARY OF CONGRESS CALL NUMBER
Classification number ER
Item number On2 1996
100 ## - MAIN ENTRY--PERSONAL NAME
Personal name Korman, Justine
245 ## - TITLE STATEMENT
Title 101 dalmatians /
Statement of responsibility, etc adapted by Justine Korman ; illustrated by Bill Langely and Ron Dias.
260 ## - PUBLICATION, DISTRIBUTION, ETC. (IMPRINT)
Place of publication, distribution, etc New York :
Name of publisher, distributor, etc A Golden Book,
Date of publication, distribution, etc 1991.
300 ## - PHYSICAL DESCRIPTION
Extent 1 v. (unp.) ; ill.
440 ## - SERIES STATEMENT/ADDED ENTRY--TITLE
Title Walt Disney's Classic
650 ## - SUBJECT ADDED ENTRY--TOPICAL TERM
Topical term or geographic name as entry element Children's stories -- Fiction
650 ## - SUBJECT ADDED ENTRY--TOPICAL TERM
Topical term or geographic name as entry element Dog's stories -- Fiction
Holdings
Withdrawn status Lost status Damaged status Use restrictions Home library Current library Shelving location Date acquired Source of acquisition Total Checkouts Full call number Barcode Date last seen Price effective from Koha item type
        Elizalde Library Elizalde Library Easy Reading Section 12/14/2000     ER On2 1991 E7682 04/12/2014 04/12/2014 Books
        Elizalde Library Elizalde Library Easy Reading Section 12/19/2000     ER On2 1991 E6890 04/12/2014 04/12/2014 Books
        Elizalde Library Elizalde Library Easy Reading Section 03/07/2001     ER On2 1997 E7683 04/12/2014 04/12/2014 Books
        Elizalde Library Elizalde Library Easy Reading Section 03/21/2001     ER On2 1991 E6887 04/12/2014 04/12/2014 Books
        Elizalde Library Elizalde Library Easy Reading Section 03/03/2006     ER On2 1996 E3451 04/12/2014 04/12/2014 Books

101 dalmatians /

APA

Korman J., . (1991). 101 dalmatians. New York: A Golden Book.

Chicago

Korman Justine, . 1991. 101 dalmatians. New York: A Golden Book.

Harvard

Korman J., . (1991). 101 dalmatians. New York: A Golden Book.

MLA

Korman Justine, . 101 dalmatians. New York: A Golden Book. 1991.

  • Place hold
  • Print
  • Cite
  • Add to your cart (remove)
  • Save record
    BIBTEX Dublin Core MARCXML MARC (non-Unicode/MARC-8) MARC (Unicode/UTF-8) MARC (Unicode/UTF-8, Standard) MODS (XML) RIS
  • More searches
    Search for this title in:
    Other Libraries (WorldCat) Other Databases (Google Scholar) Online Stores (Bookfinder.com) Open Library (openlibrary.org)

Exporting to Dublin Core...

SOUTHVILLE LIBRARY

Southville International School and Colleges Library

1281 Tropical Ave. Cor. Luxembourg St., BF Homes International, Las Pinas City

Tel. No. 8256374 / 252358 Loc. 117/146

Powered by Koha